[Event "European Chess Club Cup 2023"]
[Site "Durres, Albania"]
[Date "2023.10.05"]
[Round "5.63"]
[White "Willow, Jonah B"]
[Black "Bronstein, Or"]
[Result "1/2-1/2"]
[TimeControl "90' + 30' & 30\""]
[WhiteElo "2425"]
[BlackElo "2433"]

1. e4 {[%clk 01:30:54]} {[%emt 00:00:04]} c5 {[%clk 01:30:48]} {[%emt
00:00:13]} 2. Nf3 {[%clk 01:31:10]} {[%emt 00:00:14]} d6 {[%clk 01:31:02]}
{[%emt 00:00:17]} 3. d4 {[%clk 01:31:16]} {[%emt 00:00:23]} cxd4 {[%clk
01:31:31]} {[%emt 00:00:02]} 4. Nxd4 {[%clk 01:31:39]} {[%emt 00:00:07]} Nf6
{[%clk 01:31:56]} {[%emt 00:00:05]} 5. Nc3 {[%clk 01:31:52]} {[%emt 00:00:17]}
a6 {[%clk 01:32:25]} {[%emt 00:00:01]} 6. Bd3 {[%clk 01:31:37]} {[%emt
00:00:45]} g6 {[%clk 01:32:33]} {[%emt 00:00:21]} 7. f3 {[%clk 01:31:42]}
{[%emt 00:00:25]} e5 {[%clk 01:32:45]} {[%emt 00:00:18]} 8. Nb3 {[%clk
01:31:23]} {[%emt 00:00:49]} Be6 {[%clk 01:33:09]} {[%emt 00:00:06]} 9. O-O
{[%clk 01:27:04]} {[%emt 00:04:48]} Nbd7 {[%clk 01:32:59]} {[%emt 00:00:41]} 10.
Kh1 {[%clk 01:25:46]} {[%emt 00:01:48]} Qc7 {[%clk 01:24:21]} {[%emt 00:09:08]}
11. Qe2 {[%clk 01:24:09]} {[%emt 00:02:07]} Bg7 {[%clk 01:19:33]} {[%emt
00:05:19]} 12. a4 {[%clk 01:10:55]} {[%emt 00:13:44]} O-O {[%clk 01:17:29]}
{[%emt 00:02:33]} 13. a5 {[%clk 01:10:44]} {[%emt 00:00:42]} Rfe8 {[%clk
01:12:43]} {[%emt 00:05:15]} 14. Ra4 {[%clk 01:03:29]} {[%emt 00:07:46]} Rac8
{[%clk 01:12:48]} {[%emt 00:00:24]} 15. Rd1 {[%clk 01:01:02]} {[%emt 00:02:57]}
d5 {[%clk 00:58:11]} {[%emt 00:15:08]} 16. exd5 {[%clk 00:52:57]} {[%emt
00:08:34]} Nxd5 {[%clk 00:58:29]} {[%emt 00:00:12]} 17. Rc4 {[%clk 00:52:58]}
{[%emt 00:00:29]} Nxc3 {[%clk 00:50:51]} {[%emt 00:08:08]} 18. Rxc3 {[%clk
00:53:12]} {[%emt 00:00:15]} Qb8 {[%clk 00:51:11]} {[%emt 00:00:11]} 19. Bc4
{[%clk 00:50:43]} {[%emt 00:02:59]} Bxc4 {[%clk 00:28:33]} {[%emt 00:23:08]} 20.
Rxc4 {[%clk 00:51:08]} {[%emt 00:00:05]} Nf6 {[%clk 00:26:18]} {[%emt
00:02:46]} 21. Nc5 {[%clk 00:45:49]} {[%emt 00:05:48]} Red8 {[%clk 00:26:41]}
{[%emt 00:00:07]} 22. Bg5 {[%clk 00:37:32]} {[%emt 00:08:48]} Rxd1+ {[%clk
00:24:46]} {[%emt 00:02:24]} 23. Qxd1 {[%clk 00:36:05]} {[%emt 00:01:57]} Rd8
{[%clk 00:24:56]} {[%emt 00:00:21]} 24. Qf1 {[%clk 00:28:00]} {[%emt 00:08:34]}
Rd5 {[%clk 00:20:36]} {[%emt 00:04:51]} 25. Bxf6 {[%clk 00:26:10]} {[%emt
00:02:19]} Bxf6 {[%clk 00:21:05]} {[%emt 00:00:02]} 26. b4 {[%clk 00:25:18]}
{[%emt 00:01:21]} Qc7 {[%clk 00:11:22]} {[%emt 00:10:13]} 27. g3 {[%clk
00:07:45]} {[%emt 00:18:03]} Be7 {[%clk 00:11:19]} {[%emt 00:00:34]} 28. Nb3
{[%clk 00:07:46]} {[%emt 00:00:29]} Qd7 {[%clk 00:10:41]} {[%emt 00:01:07]} 29.
Kg2 {[%clk 00:07:57]} {[%emt 00:00:19]} Kg7 {[%clk 00:05:57]} {[%emt 00:05:15]}
30. Qe2 {[%clk 00:07:50]} {[%emt 00:00:36]} h5 {[%clk 00:02:46]} {[%emt
00:03:41]} 31. h4 {[%clk 00:07:07]} {[%emt 00:01:13]} Qb5 {[%clk 00:01:21]}
{[%emt 00:01:55]} 32. c3 {[%clk 00:06:14]} {[%emt 00:01:23]} Qd7 {[%clk
00:01:00]} {[%emt 00:00:51]} 33. Re4 {[%clk 00:05:39]} {[%emt 00:01:06]} Qd6
{[%clk 00:00:51]} {[%emt 00:00:39]} 34. Qc2 {[%clk 00:04:29]} {[%emt 00:01:39]}
f5 {[%clk 00:00:47]} {[%emt 00:00:34]} 35. Re2 {[%clk 00:04:53]} {[%emt
00:00:06]} Bf6 {[%clk 00:00:42]} {[%emt 00:00:35]} 36. Nc5 {[%clk 00:04:12]}
{[%emt 00:01:12]} Be7 {[%clk 00:01:11]} {[%emt 00:00:01]} 37. Nb3 {[%clk
00:03:40]} {[%emt 00:01:02]} e4 {[%clk 00:00:37]} {[%emt 00:01:03]} 38. Nd4
{[%clk 00:02:37]} {[%emt 00:01:34]} exf3+ {[%clk 00:00:42]} {[%emt 00:00:25]}
39. Nxf3 {[%clk 00:02:43]} {[%emt 00:00:24]} Bf6 {[%clk 00:00:46]} {[%emt
00:00:26]} 40. c4 {[%clk 00:02:18]} {[%emt 00:00:55]} Rd3 {[%clk 00:00:36]}
{[%emt 00:00:39]} 41. Re6 {[%clk 00:27:38]} {[%emt 00:05:10]} Qd7 {[%clk
00:11:56]} {[%emt 00:19:10]} 42. Qe2 {[%emt 00:12:03]} Rd6 {[%clk 00:09:22]} 43.
Rxd6 {[%clk 00:13:23]} {[%emt 00:06:15]} Qxd6 {[%clk 00:09:51]} 44. b5 {[%clk
00:13:11]} {[%emt 00:00:42]} Kf7 {[%clk 00:01:22]} {[%emt 00:08:59]} 45. Qe3
{[%clk 00:11:28]} {[%emt 00:02:13]} Qe6 {[%clk 00:01:42]} {[%emt 00:00:10]} 46.
Qd3 {[%clk 00:10:47]} {[%emt 00:01:11]} Ke7 {[%clk 00:00:49]} {[%emt 00:01:24]}
47. Kf1 {[%clk 00:08:59]} {[%emt 00:02:17]} Qd6 {[%clk 00:00:54]} {[%emt
00:00:25]} 48. Qe3+ {[%clk 00:09:04]} {[%emt 00:00:25]} Kd7 {[%clk 00:01:03]}
{[%emt 00:00:21]} 49. Kf2 {[%clk 00:08:34]} {[%emt 00:00:59]} Kd8 {[%clk
00:00:49]} {[%emt 00:00:45]} 50. Qa7 {[%clk 00:08:10]} {[%emt 00:00:55]} Kc8
{[%clk 00:00:37]} {[%emt 00:00:42]} 51. bxa6 {[%clk 00:07:48]} {[%emt
00:00:51]} bxa6 {[%clk 00:00:46]} {[%emt 00:00:21]} 52. Qa8+ {[%clk 00:06:18]}
{[%emt 00:02:01]} Kc7 {[%clk 00:01:03]} {[%emt 00:00:12]} 53. Qa7+ {[%clk
00:06:10]} {[%emt 00:00:38]} Kc8 {[%clk 00:01:32]} {[%emt 00:00:01]} 54. Qf7
{[%clk 00:06:12]} {[%emt 00:00:28]} Bc3 {[%clk 00:01:14]} {[%emt 00:00:48]} 55.
Qe8+ {[%clk 00:05:42]} {[%emt 00:01:00]} Kb7 {[%clk 00:01:31]} {[%emt
00:00:14]} 56. Qf7+ {[%clk 00:05:27]} {[%emt 00:00:45]} Kc6 {[%clk 00:01:03]}
{[%emt 00:00:57]} 57. Kg2 {[%clk 00:05:19]} {[%emt 00:00:38]} Bxa5 {[%clk
00:01:02]} {[%emt 00:00:31]} 58. Qa7 {[%clk 00:05:32]} {[%emt 00:00:16]} Bb6
{[%clk 00:00:47]} {[%emt 00:00:46]} 59. Qxa6 {[%clk 00:05:51]} {[%emt
00:00:12]} Kc7 {[%emt 00:01:23]} 60. Qa1 {[%clk 00:05:35]} Qd3 {[%clk
00:00:38]} {[%emt 00:00:31]} 61. Qe5+ {[%clk 00:05:24]} {[%emt 00:00:40]} Kc8
{[%clk 00:00:43]} {[%emt 00:00:25]} 62. Qe6+ {[%clk 00:05:04]} {[%emt
00:00:50]} Kc7 {[%clk 00:01:02]} {[%emt 00:00:11]} 63. Qe7+ {[%clk 00:02:48]}
{[%emt 00:02:46]} Kc8 {[%clk 00:01:19]} {[%emt 00:00:13]} 64. Qe8+ {[%clk
00:02:58]} {[%emt 00:00:20]} Kb7 {[%clk 00:01:11]} {[%emt 00:00:38]} 65. Qc6+
{[%clk 00:02:05]} {[%emt 00:01:23]} Ka7 {[%clk 00:01:12]} {[%emt 00:00:29]} 66.
Qa4+ {[%clk 00:02:21]} {[%emt 00:00:14]} Kb8 {[%clk 00:01:14]} {[%emt
00:00:29]} 67. Qe8+ {[%clk 00:02:38]} {[%emt 00:00:12]} Ka7 {[%clk 00:01:24]}
{[%emt 00:00:20]} 68. Qa4+ {[%clk 00:02:43]} {[%emt 00:00:25]} Kb8 {[%clk
00:01:53]} 69. Qe8+ {[%clk 00:02:32]} {[%emt 00:00:40]} 1/2-1/2

[Event "European Chess Club Cup 2023"]
[Site "Durres, Albania"]
[Date "2023.10.05"]
[Round "5.64"]
[White "Sokolovsky, Yahli"]
[Black "Derakhshani, Borna"]
[Result "1-0"]
[TimeControl "90' + 30' & 30\""]
[WhiteElo "2447"]
[BlackElo "2358"]

1. e4 {[%clk 01:30:57]} {[%emt 00:00:02]} c5 {[%clk 01:30:55]} {[%emt
00:00:06]} 2. Nf3 {[%clk 01:31:20]} {[%emt 00:00:07]} Nc6 {[%clk 01:31:21]}
{[%emt 00:00:04]} 3. Bb5 {[%clk 01:31:42]} {[%emt 00:00:08]} e6 {[%clk
01:31:47]} {[%emt 00:00:03]} 4. Bxc6 {[%clk 01:32:03]} {[%emt 00:00:09]} bxc6
{[%clk 01:32:13]} {[%emt 00:00:04]} 5. d3 {[%clk 01:32:16]} {[%emt 00:00:17]}
Qc7 {[%clk 01:32:32]} {[%emt 00:00:12]} 6. O-O {[%clk 01:30:56]} {[%emt
00:01:49]} e5 {[%clk 01:30:39]} {[%emt 00:02:23]} 7. c3 {[%clk 01:31:13]}
{[%emt 00:00:13]} d6 {[%clk 01:29:16]} {[%emt 00:01:54]} 8. d4 {[%clk
01:27:21]} {[%emt 00:04:22]} cxd4 {[%clk 01:28:56]} {[%emt 00:00:49]} 9. cxd4
{[%clk 01:27:46]} {[%emt 00:00:05]} Nf6 {[%clk 01:26:37]} {[%emt 00:02:50]} 10.
dxe5 {[%clk 01:15:16]} {[%emt 00:13:00]} dxe5 {[%clk 01:26:46]} {[%emt
00:00:20]} 11. Nbd2 {[%clk 01:11:29]} {[%emt 00:04:18]} Ba6 {[%clk 01:22:16]}
{[%emt 00:05:00]} 12. Re1 {[%clk 01:11:51]} {[%emt 00:00:08]} Bc5 {[%clk
01:22:37]} {[%emt 00:00:08]} 13. Nb3 {[%clk 00:55:57]} {[%emt 00:16:24]} Bb6
{[%clk 01:22:17]} {[%emt 00:00:50]} 14. Be3 {[%clk 00:47:00]} {[%emt 00:09:27]}
Rd8 {[%clk 01:13:02]} {[%emt 00:09:45]} 15. Qc1 {[%clk 00:45:32]} {[%emt
00:01:59]} O-O {[%clk 01:11:40]} {[%emt 00:01:52]} 16. Nc5 {[%clk 00:39:50]}
{[%emt 00:06:12]} Bc8 {[%clk 01:11:45]} {[%emt 00:00:25]} 17. h3 {[%clk
00:39:02]} {[%emt 00:01:18]} Nd7 {[%clk 01:09:30]} {[%emt 00:02:44]} 18. Qc3
{[%clk 00:37:08]} {[%emt 00:02:25]} Nxc5 {[%clk 01:05:05]} {[%emt 00:04:55]} 19.
Bxc5 {[%clk 00:37:34]} {[%emt 00:00:04]} Rfe8 {[%clk 01:05:30]} {[%emt
00:00:05]} 20. Rac1 {[%clk 00:35:56]} {[%emt 00:02:08]} Re6 {[%clk 01:04:22]}
{[%emt 00:01:37]} 21. Red1 {[%clk 00:35:09]} {[%emt 00:01:18]} Rde8 {[%clk
00:58:56]} {[%emt 00:05:56]} 22. Rd2 {[%clk 00:33:16]} {[%emt 00:02:23]} h6
{[%clk 00:53:51]} {[%emt 00:05:36]} 23. Rcd1 {[%clk 00:33:27]} {[%emt
00:00:19]} Bxc5 {[%clk 00:52:51]} {[%emt 00:01:29]} 24. Qxc5 {[%clk 00:33:55]}
{[%emt 00:00:03]} Qb6 {[%clk 00:53:10]} {[%emt 00:00:11]} 25. Rc1 {[%clk
00:28:43]} {[%emt 00:05:42]} Kh7 {[%clk 00:47:24]} {[%emt 00:06:15]} 26. b3
{[%emt 00:10:06]} g5 {[%clk 00:38:09]} 27. Rd3 {[%clk 00:26:05]} {[%emt
00:03:17]} Qb8 {[%clk 00:29:15]} {[%emt 00:09:24]} 28. Rcd1 {[%clk 00:25:21]}
{[%emt 00:01:15]} Qb6 {[%clk 00:24:40]} {[%emt 00:05:04]} 29. Qc3 {[%clk
00:25:49]} {[%emt 00:00:02]} Qc7 {[%clk 00:24:43]} {[%emt 00:00:28]} 30. Nh2
{[%clk 00:22:22]} {[%emt 00:03:58]} Rg6 {[%clk 00:22:57]} {[%emt 00:02:15]} 31.
Qc5 {[%clk 00:17:20]} {[%emt 00:05:31]} Qb6 {[%clk 00:19:03]} {[%emt 00:04:24]}
32. Qe3 {[%clk 00:17:49]} {[%emt 00:00:01]} Kg7 {[%clk 00:14:40]} {[%emt
00:04:53]} 33. Qg3 {[%clk 00:11:30]} {[%emt 00:06:49]} Qa5 {[%clk 00:13:20]}
{[%emt 00:01:51]} 34. R1d2 {[%clk 00:08:46]} {[%emt 00:03:14]} Ba6 {[%clk
00:09:33]} {[%emt 00:04:16]} 35. Rd7 {[%clk 00:07:10]} {[%emt 00:02:07]} Bc8
{[%clk 00:09:59]} {[%emt 00:00:04]} 36. R7d3 {[%clk 00:07:31]} {[%emt
00:00:08]} Ba6 {[%clk 00:10:28]} 37. Rc3 {[%clk 00:07:24]} {[%emt 00:00:38]}
Qb4 {[%clk 00:07:20]} {[%emt 00:03:37]} 38. Qe3 {[%clk 00:06:16]} {[%emt
00:01:38]} Bc8 {[%clk 00:07:07]} {[%emt 00:00:44]} 39. Nf1 {[%clk 00:04:28]}
{[%emt 00:02:18]} Rf6 {[%clk 00:02:59]} {[%emt 00:04:37]} 40. Ng3 {[%clk
00:04:14]} {[%emt 00:00:44]} Kg6 {[%clk 00:02:36]} {[%emt 00:00:53]} 41. Rdc2
{[%clk 00:25:51]} {[%emt 00:08:54]} Qb7 {[%clk 00:31:38]} {[%emt 00:01:28]} 42.
Qc1 {[%clk 00:24:01]} {[%emt 00:02:20]} Bd7 {[%clk 00:30:44]} {[%emt 00:01:24]}
43. Qd1 {[%clk 00:24:05]} {[%emt 00:00:26]} Bc8 {[%clk 00:26:00]} {[%emt
00:05:14]} 44. Rd3 {[%clk 00:22:08]} {[%emt 00:02:27]} Qc7 {[%clk 00:23:41]}
{[%emt 00:02:48]} 45. Rcd2 {[%clk 00:20:43]} {[%emt 00:01:55]} Kh7 {[%clk
00:17:48]} {[%emt 00:06:23]} 46. Nh5 {[%clk 00:16:50]} {[%emt 00:04:24]} Rg6
{[%clk 00:16:04]} {[%emt 00:02:13]} 47. Rd7 {[%clk 00:09:01]} {[%emt 00:08:19]}
Bxd7 {[%clk 00:16:28]} {[%emt 00:00:06]} 48. Rxd7 {[%clk 00:09:29]} {[%emt
00:00:02]} Qc8 {[%clk 00:15:48]} {[%emt 00:01:10]} 49. Rxf7+ {[%clk 00:09:46]}
{[%emt 00:00:13]} Kg8 {[%clk 00:16:13]} {[%emt 00:00:05]} 50. Rd7 {[%clk
00:09:28]} {[%emt 00:00:48]} Rf8 {[%clk 00:14:34]} {[%emt 00:02:09]} 51. Ng3
{[%clk 00:08:23]} {[%emt 00:01:35]} Rgf6 {[%clk 00:12:27]} {[%emt 00:02:38]} 52.
Nf5 {[%clk 00:08:33]} {[%emt 00:00:20]} Kh8 {[%clk 00:12:52]} {[%emt 00:00:05]}
53. Rxa7 {[%clk 00:06:01]} {[%emt 00:03:01]} Rxf5 {[%clk 00:10:52]} {[%emt
00:02:31]} 54. exf5 {[%clk 00:06:27]} {[%emt 00:00:03]} Qxf5 {[%clk 00:11:19]}
{[%emt 00:00:03]} 55. f3 {[%clk 00:05:23]} {[%emt 00:01:34]} Rf7 {[%clk
00:10:30]} {[%emt 00:01:20]} 56. Rxf7 {[%clk 00:03:55]} {[%emt 00:01:58]} Qxf7
{[%clk 00:10:59]} {[%emt 00:00:01]} 57. Qd6 {[%clk 00:04:15]} {[%emt 00:00:10]}
Qa7+ {[%clk 00:11:24]} {[%emt 00:00:04]} 58. Kh2 {[%clk 00:04:25]} {[%emt
00:00:20]} Kh7 {[%clk 00:11:24]} {[%emt 00:00:30]} 59. Qxc6 {[%clk 00:03:48]}
{[%emt 00:01:08]} Qxa2 {[%clk 00:11:43]} {[%emt 00:00:11]} 60. Qe4+ {[%clk
00:04:14]} {[%emt 00:00:03]} Kg7 {[%clk 00:11:32]} {[%emt 00:00:41]} 61. Qxe5+
{[%clk 00:04:40]} {[%emt 00:00:04]} Kg6 {[%clk 00:11:52]} {[%emt 00:00:10]} 62.
Qd6+ {[%clk 00:04:47]} {[%emt 00:00:21]} Kg7 {[%clk 00:12:20]} {[%emt
00:00:05]} 63. Qc7+ {[%clk 00:05:05]} {[%emt 00:00:12]} Kg6 {[%clk 00:12:45]}
{[%emt 00:00:05]} 64. b4 {[%clk 00:04:47]} {[%emt 00:00:48]} Qb2 {[%clk
00:13:13]} {[%emt 00:00:01]} 65. Qc6+ {[%clk 00:04:27]} {[%emt 00:00:50]} Kg7
{[%clk 00:13:04]} {[%emt 00:00:40]} 66. Qd7+ {[%clk 00:04:39]} {[%emt
00:00:18]} Kg6 {[%clk 00:13:32]} {[%emt 00:00:02]} 67. Qe8+ {[%clk 00:04:57]}
{[%emt 00:00:12]} Kh7 {[%clk 00:13:37]} {[%emt 00:00:25]} 68. b5 {[%clk
00:05:16]} {[%emt 00:00:11]} Qb4 {[%clk 00:13:49]} {[%emt 00:00:17]} 69. Qe4+
{[%clk 00:05:40]} {[%emt 00:00:06]} 1-0

[Event "European Chess Club Cup 2023"]
[Site "Durres, Albania"]
[Date "2023.10.05"]
[Round "5.65"]
[White "O`Donnell, Conor"]
[Black "Veinberg, Nimrod"]
[Result "1/2-1/2"]
[TimeControl "90' + 30' & 30\""]
[WhiteElo "2308"]
[BlackElo "2402"]

1. d4 {[%clk 01:25:09]} {[%emt 00:05:50]} Nf6 {[%clk 01:30:54]} {[%emt
00:00:06]} 2. c4 {[%clk 01:25:26]} {[%emt 00:00:13]} e6 {[%clk 01:31:19]}
{[%emt 00:00:05]} 3. Nc3 {[%clk 01:25:50]} {[%emt 00:00:06]} Bb4 {[%clk
01:31:40]} {[%emt 00:00:10]} 4. e3 {[%clk 01:26:10]} {[%emt 00:00:09]} O-O
{[%clk 01:31:59]} {[%emt 00:00:12]} 5. Nf3 {[%clk 01:26:33]} {[%emt 00:00:07]}
c5 {[%clk 01:31:44]} {[%emt 00:00:45]} 6. Bd3 {[%clk 01:26:14]} {[%emt
00:00:48]} d5 {[%clk 01:31:18]} {[%emt 00:00:57]} 7. cxd5 {[%clk 01:26:03]}
{[%emt 00:00:41]} cxd4 {[%clk 01:25:25]} {[%emt 00:06:23]} 8. exd4 {[%clk
01:26:22]} {[%emt 00:00:10]} exd5 {[%clk 01:24:21]} {[%emt 00:01:35]} 9. O-O
{[%clk 01:26:29]} {[%emt 00:00:22]} h6 {[%clk 01:21:27]} {[%emt 00:03:25]} 10.
Ne5 {[%emt 00:04:15]} Nc6 {[%clk 01:16:11]} {[%emt 00:03:18]} 11. Nxc6 {[%clk
01:16:53]} {[%emt 00:08:48]} bxc6 {[%clk 01:16:39]} {[%emt 00:00:03]} 12. Bf4
{[%clk 01:15:59]} {[%emt 00:01:23]} Bg4 {[%clk 01:11:52]} {[%emt 00:05:17]} 13.
Qc2 {[%clk 01:12:53]} {[%emt 00:03:37]} Nh5 {[%clk 01:05:31]} {[%emt 00:06:50]}
14. Be5 {[%clk 01:07:34]} {[%emt 00:05:48]} f6 {[%clk 01:03:42]} {[%emt
00:02:20]} 15. Bg3 {[%clk 01:05:43]} {[%emt 00:02:21]} Qb6 {[%clk 00:55:26]}
{[%emt 00:08:46]} 16. a3 {[%clk 00:56:43]} {[%emt 00:09:30]} Nxg3 {[%clk
00:55:35]} {[%emt 00:00:22]} 17. hxg3 {[%clk 00:57:01]} {[%emt 00:00:11]} Bd6
{[%clk 00:54:08]} {[%emt 00:01:57]} 18. Be2 {[%clk 00:56:31]} {[%emt 00:01:00]}
Bxe2 {[%clk 00:52:43]} {[%emt 00:01:56]} 19. Qxe2 {[%clk 00:49:54]} {[%emt
00:07:06]} Rae8 {[%clk 00:41:27]} {[%emt 00:11:46]} 20. Qd2 {[%clk 00:44:34]}
{[%emt 00:05:51]} f5 {[%clk 00:37:49]} {[%emt 00:04:08]} 21. f4 {[%clk
00:39:46]} {[%emt 00:05:17]} Be7 {[%clk 00:28:16]} {[%emt 00:10:04]} 22. Rad1
{[%clk 00:37:04]} {[%emt 00:03:10]} Qb3 {[%clk 00:24:27]} {[%emt 00:04:20]} 23.
Kh2 {[%clk 00:34:16]} {[%emt 00:03:18]} Bf6 {[%clk 00:22:13]} {[%emt 00:02:45]}
24. Rf2 {[%clk 00:32:35]} {[%emt 00:02:10]} Re7 {[%clk 00:22:13]} {[%emt
00:00:30]} 25. Re2 {[%clk 00:26:41]} {[%emt 00:06:24]} Rfe8 {[%clk 00:21:35]}
{[%emt 00:01:09]} 26. Rde1 {[%clk 00:26:14]} {[%emt 00:00:57]} Qb7 {[%clk
00:15:58]} {[%emt 00:06:08]} 27. b4 {[%clk 00:25:04]} {[%emt 00:01:39]} Rxe2
{[%clk 00:15:35]} {[%emt 00:00:53]} 28. Rxe2 {[%clk 00:25:26]} {[%emt
00:00:07]} Rxe2 {[%clk 00:15:57]} {[%emt 00:00:07]} 29. Nxe2 {[%clk 00:24:08]}
{[%emt 00:01:49]} Qa6 {[%clk 00:15:26]} {[%emt 00:01:02]} 30. Qc2 {[%emt
00:05:31]} Kf7 {[%clk 00:14:13]} 31. Kg1 {[%clk 00:20:54]} {[%emt 00:00:25]}
Qxa3 {[%clk 00:12:57]} {[%emt 00:01:46]} 32. Qxc6 {[%clk 00:19:08]} {[%emt
00:02:15]} Qxb4 {[%clk 00:12:51]} {[%emt 00:00:37]} 33. Qxd5+ {[%clk 00:18:18]}
{[%emt 00:01:20]} Kg6 {[%clk 00:12:38]} {[%emt 00:00:44]} 34. Qe6 {[%clk
00:15:07]} {[%emt 00:03:40]} a5 {[%clk 00:12:08]} {[%emt 00:01:00]} 35. g4
{[%clk 00:11:32]} {[%emt 00:04:05]} Qe1+ {[%clk 00:05:29]} {[%emt 00:07:10]} 36.
Kh2 {[%clk 00:11:26]} {[%emt 00:00:01]} Qh4+ {[%clk 00:05:52]} {[%emt
00:02:01]} 37. Kg1 {[%clk 00:12:20]} {[%emt 00:00:05]} Qe1+ {[%clk 00:06:20]}
{[%emt 00:00:03]} 38. Kh2 {[%clk 00:12:40]} {[%emt 00:00:10]} Qh4+ {[%clk
00:06:15]} {[%emt 00:00:35]} 39. Kg1 {[%clk 00:12:57]} {[%emt 00:00:13]} Qxg4
{[%clk 00:06:16]} {[%emt 00:00:29]} 40. d5 {[%clk 00:12:39]} {[%emt 00:00:48]}
h5 {[%clk 00:04:00]} {[%emt 00:02:46]} 41. d6 {[%clk 00:11:05]} {[%emt
00:02:03]} h4 {[%clk 00:03:51]} {[%emt 00:00:39]} 42. Kf2 {[%clk 00:22:07]}
{[%emt 00:19:29]} h3 {[%clk 00:31:54]} {[%emt 00:02:27]} 43. gxh3 {[%clk
00:22:28]} {[%emt 00:00:08]} Qxh3 {[%clk 00:30:36]} {[%emt 00:01:48]} 44. d7
{[%clk 00:22:17]} {[%emt 00:00:41]} Qd3 {[%clk 00:28:11]} {[%emt 00:02:55]} 45.
Qe8+ {[%clk 00:19:54]} {[%emt 00:02:53]} Kh7 {[%clk 00:26:49]} {[%emt
00:01:53]} 46. Qh5+ {[%clk 00:19:38]} {[%emt 00:00:45]} Kg8 {[%clk 00:27:17]}
{[%emt 00:00:03]} 47. Qe8+ {[%clk 00:19:31]} {[%emt 00:00:35]} Kh7 {[%clk
00:27:45]} {[%emt 00:00:04]} 48. Qh5+ {[%clk 00:19:30]} {[%emt 00:00:30]} Kg8
{[%clk 00:28:13]} {[%emt 00:00:03]} 49. Qe8+ {[%clk 00:18:55]} {[%emt
00:00:27]} 1/2-1/2